Sports Quiz

Random Sports or Football Quiz
Score 0/36 Timer 10:00
0 Plays Today
Year Team % Correct
2008Mt. Union
64.3%
1993Mt. Union
53.6%
2005Mt. Union
53.6%
2006Mt. Union
53.6%
2007UW - Whitewater
53.6%
2000Mt. Union
50%
2001Mt. Union
50%
2002Mt. Union
50%
1997Mt. Union
46.4%
1998Mt. Union
46.4%
1996Mt. Union
39.3%
1983Augustana
35.7%
1984Augustana
35.7%
1985Augustana
35.7%
1986Augustana
35.7%
1980Dayton
28.6%
1973Wittenberg
25%
1975Wittenberg
25%
Year Team % Correct
2003St. John's
25%
2004Linfield
21.4%
1974Central
17.9%
1989Dayton
17.9%
1999Pacific Lutheran
17.9%
1994Albion
14.3%
1979Ithaca
10.7%
1988Ithaca
10.7%
1990Allegheny
10.7%
1991Ithaca
10.7%
1987Wagner
7.1%
1992UW - LaCrosse
7.1%
1995UW - LaCrosse
7.1%
1976St. John's
0%
1977Widener
0%
1981Widener
0%
1978Baldwin - Wallace
-3.6%
1982West Georgia
-3.6%

You're not logged in!

Compare scores with friends on all Sporcle quizzes.
OR
Log In

Sporcle TV

Today on Sporcle TV


Watch our educational content, quiz creation guides, and fun videos on Sporcle TV.

Show Comments

Extras

Top Quizzes Today


Score Distribution

Paid Content

Your Account Isn't Verified!

In order to create a playlist on Sporcle, you need to verify the email address you used during registration. Go to your Sporcle Settings to finish the process.

Report this User

Report this user for behavior that violates our Community Guidelines.

Details: